000 00687nam a2200253 a 4500
001 nice12345678
003 IN_TiNIC
005 20260116013928.0
008 050524s1995 newa grp 000 0 eng
020 _a0069961
_c920
082 0 0 _a291.809394
_bDOU
100 _aDouglas-Klotz, Neil
245 _aDesert Wisdom
_b Sacred Middle Eastern Writings from the Goddess Through the
260 _aNew York
_bHarperone
_c1995
300 _a265p
500 _aincludes index and biblioraphy
505 2 _aindex
650 _aMiddle East-Religion
650 _aMysticism-Middle East
700 1 _aDouglas-Klotz, Neil
902 _bSRS
942 _cBK
999 _c13147
_d13147